000
00315pab a2200145 454500
008
180718b1999 xxu||||| |||| 00| 0 eng d
100
_a
Das, S.K.
245
_a
Shuffling the pack
260
_c
1999
300
_a
p.6
362
_a
7 Aug
650
_a
Civil service
773
_a
Ectonomic Times
909
_a
43276
999
_c
43276
_d
43276